Bāṃlā sāhityera itibr̥tta / (Record no. 57701)

MARC details
000 -LEADER
fixed length control field 01120cam a2200241 a 4500
001 - CONTROL NUMBER
control field sa 64003089
003 - CONTROL NUMBER IDENTIFIER
control field DLC
005 - DATE AND TIME OF LATEST TRANSACTION
control field 20260227112014.0
008 - FIXED-LENGTH DATA ELEMENTS--GENERAL INFORMATION
fixed length control field 860318m19001985ii a 00010 beno
010 ## - LIBRARY OF CONGRESS CONTROL NUMBER
LC control number sa 64003089
040 ## - CATALOGING SOURCE
Original cataloging agency DLC
Transcribing agency DLC
Modifying agency DLC
043 ## - GEOGRAPHIC AREA CODE
Geographic area code a-ii---
050 00 - LIBRARY OF CONGRESS CALL NUMBER
Classification number PK1701
Item number .B26
100 10 - MAIN ENTRY--PERSONAL NAME
Personal name Bandyopādhyāẏa, Asitakumāra,
Dates associated with a name 1920-
245 10 - TITLE STATEMENT
Title Bāṃlā sāhityera itibr̥tta /
Statement of responsibility, etc. Asitakumāra Bandyopādhyāẏa.
250 ## - EDITION STATEMENT
Edition statement 2. saṃskaraṇa.
260 0# - PUBLICATION, DISTRIBUTION, ETC.
Place of publication, distribution, etc. Kalikātā :
Name of publisher, distributor, etc. Maḍārṇa Buka Ejensī,
Date of publication, distribution, etc. 1962-<1985 >
300 ## - PHYSICAL DESCRIPTION
Extent v. <1-5> :
Other physical details ill. ;
Dimensions 23 cm.
500 ## - GENERAL NOTE
General note In Bengali.
500 ## - GENERAL NOTE
General note Vol. 3, pt. 1: Parimārjita 2. saṃskaraṇa, pt. 2: Punarbinyasta 2. saṃskaraṇa; v. 5: 1. saṃskaraṇa.
505 1# - FORMATTED CONTENTS NOTE
Formatted contents note v. 1. Khriḥ. 10ma-12śa śatābdī -- v. 2. Caitanyayuga, Khrīshṭīẏa 1493-1605 -- v. 3., pt. 1. Saptadaśa śatābdī. pt. 2. Ashṭādaśa śatābdīra prathamārdha -- v. 4. Kabigāna-ākhaṛāi-hāpha ākhaṛāi-ṭappā-yātrā-pān̐cālī -- 5: Doma Āntonio, Phorṭa Uiliẏāma Kaleja.
650 #0 - SUBJECT ADDED ENTRY--TOPICAL TERM
Topical term or geographic name entry element Bengali literature
General subdivision History and criticism.

No items available.

Powered by Koha